000 00767nam a22002177a 4500
003 UA-OsUOA
001 116630
007 ta
008 20160324b un ||||| |||| 00| 0 ukr d
100 _aВіленчук О.М.
090 _a330(477)
_bВ55
942 _cSA
040 _aUA-OsUOA
_bukr
_cUA-OsUOA
_dUA-OsUOA
245 _aВзаємозв'язок страхового інтересу та страхового захисту при збалансуванні попиту і пропозиції на ринку аграрного страхування
300 _aС.84-91
955 _a0
041 _aukr
080 _a330(477)
773 0 _w116624
_tЕкономіка АПК
_dК.
_d2016
_g2
650 7 _a330 Економіка взагалі
_2UDC
999 _c402517
_d402517